Đánh giá tác động của học liệu E- Learning đến tự học , tự bồi dưỡng phát triển chuyên môn của giáo viên tiểu học /

Kaydedildi:
Detaylı Bibliyografya
Yazar: Nguyễn Minh Tuấn.
Materyal Türü: Makale
Dil:Vietnamese
Konular:
Etiketler: Etiketle
Etiket eklenmemiş, İlk siz ekleyin!
Thư viện lưu trữ: Thư viện Trường Đại học Đà Lạt
LEADER 00892nam a2200277 4500
001 DLU190191076
005 ##20190517
040 # # |a DLU  |b vie 
041 # # |a vie 
044 # # |a vn 
100 # # |a Nguyễn Minh Tuấn. 
245 # # |a Đánh giá tác động của học liệu E- Learning đến tự học , tự bồi dưỡng phát triển chuyên môn của giáo viên tiểu học /  |c Nguyễn Minh Tuấn. 
653 # # |a Chuyên môn 
653 # # |a Giáo viên tiểu học 
653 # # |a Tự bồi dưỡng 
653 # # |a Tự học 
773 # # |t Tạp chí Giáo dục  |g Số 397, 2017, tr. 58-61 
920 # # |a Phòng Tạp chí -- Trung tâm Thông tin - Thư viện Trường Đại học Đà Lạt 
994 # # |a DLU 
900 # # |a True 
911 # # |a Trần Thị Minh Hương 
925 # # |a G 
926 # # |a A 
927 # # |a BB 
980 # # |a Thư viện Trường Đại học Đà Lạt